El ser divino y su participación en el orden natural en Pedro de Ledesma (Registro nro. 70157)
[ vista simple ]
| 000 -LÍDER | |
|---|---|
| Campo fijo de descripción fija | 01139nab a2200217 i 4500 |
| 001 - NÚMERO DE CONTROL | |
| Campo de control | 768714001 |
| 003 - IDENTIFICADOR DEL NÚMERO DE CONTROL | |
| Campo de control | CO-MdFUSB |
| 005 - FECHA Y HORA DE LA ULTIMA TRANSACCIÓN | |
| control field | 20240612113409.0 |
| 008 - ELEMENTOS DE LONGITUD FIJA -- INFORMACIÓN GENERAL | |
| Campo fijo de descripción fija -- Información general | 240612t1960 sp ||||| |||| 00| 0 spa d |
| 040 ## - FUENTE DE CATALOGACIÓN | |
| Idioma de catalogación | spa |
| Agencia que realiza la transcripción | CO-MdFUSB |
| Agencia que realiza la modificación | CO-MdFUSB |
| 041 ## - CÓDIGO DE IDIOMA | |
| Código de idioma para texto/pista de sonido o título separado | spa |
| 100 ## - ASIENTO PRINCIPAL--NOMBRE PERSONAL | |
| Nombre personal | Gea Escolano, José, |
| Término relacionador | autor |
| 245 #3 - TÍTULO | |
| Título | El ser divino y su participación en el orden natural en Pedro de Ledesma |
| Mención de responsabilidad | / José Gea Escolano |
| 520 ## - NOTA DE RESUMEN, ETC. | |
| Nota de sumario, etc. | En el presente artículo pretendemos hacer un estudio tanto del ser divino como de su participación en el orden natural, siguiendo las directrices de Pedro de Ledesma, de estilo netamente tomista.<br/>Antes de empezar a tratar del ser, tanto en Dios como en sus participaciones, conviene, en vistas a una mayor claridad, determinar los diversos sentidos de Ia palabra «ser». |
| 650 #7 - ASIENTO SECUNDARIO DE MATERIA - TERMINO TEMÁTICO | |
| Término temático o nombre geográfico como elemento de entrada | Escolasticismo |
| 9 (RLIN) | 194 |
| 650 #7 - ASIENTO SECUNDARIO DE MATERIA - TERMINO TEMÁTICO | |
| Término temático o nombre geográfico como elemento de entrada | Teología doctrinal |
| 9 (RLIN) | 179 |
| 650 #7 - ASIENTO SECUNDARIO DE MATERIA - TERMINO TEMÁTICO | |
| Término temático o nombre geográfico como elemento de entrada | Dios |
| 9 (RLIN) | 178 |
| 773 0# - ASIENTO DE ITEM FUENTE | |
| Biblionumber | 70126 |
| Itemnumber | 82751 |
| Lugar, editorial y fecha de publicación | Salamanca, España : |
| Otro identificador del ítem | R2626 |
| Título | Salmanticensis |
| Número de control del registro | (CO-MdFUSB)768714001 |
| Parte(s) relacionada(s) / Volumen., número. (mes año), páginas | Volumen 7, (fascículo 2, 1960) páginas: 361 - 417 |
| Enumeración y primera página | página: 361 |
| 942 ## - TIPO DE MATERIAL (KOHA) | |
| Tipo de Item KOHA | Artículos de Revista |
| 945 ## - INFORMACIÓN LOCAL DEL REGISTRO | |
| Catalogador | Catherine Arias Álvarez - Practicante SENA |
No hay ítems disponibles.
